Villes et pays des Expositions Universelles - Statistiques

Statistiques générales
  • Ce quiz a été pris 234 fois
  • Le résultat moyen est 38 sur 50
Statistiques - réponses
Année Pays Ville % Correct
1855 France Paris
100%
1867 France Paris
100%
1878 France Paris
100%
1889 France Paris
100%
1900 France Paris
100%
1937 France Paris
100%
1851 Royaume-Uni Londres
98%
1862 Royaume-Uni Londres
98%
1853 Etats-Unis New York
97%
1939 Etats-Unis New York
97%
1964 Etats-Unis New York
97%
1872 France Lyon
95%
1894 France Lyon
95%
1914 France Lyon
95%
1897 Belgique Bruxelles
94%
1910 Belgique Bruxelles
94%
1935 Belgique Bruxelles
94%
1958 Belgique Bruxelles
94%
1888 Espagne Barcelone
93%
1929 Espagne Barcelone
93%
1906 Italie Milan
91%
2015 Italie Milan
91%
1873 Autriche Vienne
90%
1891 République Tchèque Prague
85%
1895 France Bordeaux
82%
1922 Brésil Rio de Janeiro
82%
1879 Australie Sydney
80%
2020 Emirats arabes unis Dubaï
77%
1893 Etats-Unis Chicago
76%
1933 Etats-Unis Chicago
76%
1967 Canada Montréal
74%
2010 Chine Shanghai
74%
1911 Italie Turin
73%
1949 Haïti Port-au-Prince
72%
1992 Espagne Séville
72%
1880 Australie Melbourne
71%
1885 Belgique Anvers
69%
1894 Belgique Anvers
69%
1970 Japon Osaka
61%
1915 Etats-Unis San Francisco
60%
1905 Belgique Liège
54%
1876 Etats-Unis Philadelphie
51%
1962 Etats-Unis Seattle
42%
1913 Belgique Gand
38%
1858 France Dijon
32%
1861 France Metz
31%
1904 Etats-Unis Saint-Louis
31%
2000 Allemagne Hanovre
25%
1860 France Besançon
16%
1911 France Roubaix
8%
Aucun quiz correspondant
Distribution des résultats
% des personnes avec chaque résultat
Percentile par nombre de réponses
Votre historique - résultats
Vous n’avez pas pris ce quiz